|
|
|
|
| LEADER |
00875nam a2200241 a 4500 |
| 001 |
000257089 |
| 003 |
CZ BrMZK |
| 005 |
19970103143423.0 |
| 008 |
980111s1996 xo f slo d |
| 020 |
|
|
|a 80-225-0832-2
|
| 040 |
|
|
|a BOA001
|b cze
|
| 080 |
|
|
|a 366(075.8)
|2 MRF
|
| 080 |
|
|
|a 64.033(075.8)
|2 MRF
|
| 245 |
0 |
0 |
|a Spotrebiteĺské teórie a reálie /
|c Pavel Hraško a kolektív.
|
| 260 |
|
|
|a Bratislava :
|b Ekonóm,
|c 1996
|
| 300 |
|
|
|a 246 s. ;
|c 29 cm
|
| 500 |
|
|
|a Určeno pro posl. fak. obchodní Ekon. univ. v Bratislavě. - Bibliogr.
|
| 653 |
0 |
|
|a spotřeba
|a spotřebitelé
|
| 700 |
1 |
|
|a Hraško, Pavel
|7 jx20041014015
|4 aut
|
| 710 |
2 |
|
|a Ekonomická univerzita v Bratislave.
|b Obchodná fakulta
|7 mzk2002157194
|
| 910 |
|
|
|a BOA001
|b TK-A-0262.318
|
| 990 |
|
|
|a BK
|
| 996 |
7 |
|
|b 2620009120
|c TK-A-0262.318
|l MZK
|r Sklad / do 24 hodin
|n 6
|p kup
|w 000257089
|u 000010
|a 1
|e BOA001
|j MZK50
|s A
|